[Event "Budapest Spring Festival 2019"]
[Site "Budapest"]
[Date "2019.04.17"]
[Round "9.16"]
[White "Henderson de La Fuente, Lance"]
[Black "Bayramov, Zaur"]
[Result "1-0"]
[WhiteElo "2471"]
[BlackElo "2301"]
[Annotator "TA"]
[PlyCount "88"]
[EventDate "2019.04.09"]
[EventType "swiss"]
[EventCountry "HUN"]
[SourceTitle "playchess.com"]
[Source "ChessBase"]
[SourceQuality "1"]

{[%evp 9,88,36,47,35,50,48,73,73,77,74,85,98,93,92,101,91,93,96,107,81,86,85,86,104,102,94,90,104,99,50,98,120,133,158,148,150,166,152,199,175,215,172,207,123,140,98,137,132,126,131,134,146,124,115,149,124,170,-4,-8,-12,-10,-8,-10,-13,-4,-6,-5,-35,-2,-6,399,399,399,399,399,399,938,938,1102,898,987]} 1. e4 g6 2. d4 Bg7 3. Nf3 d6 4. Bc4 e6 5. O-O Ne7 6. a4 {B06: Modern Defence} a6 7. a5 b5 $146 ({Predecessor:} 7... h6 8. Nc3 g5 9. Ne2 g4 10. Ne1 Nbc6 11. c3 h5 12. Nd3 Ng6 13. Nef4 Nce7 {1-0 (36) Tregubov,P (2632)-Bischoff,K (2564) Istanbul 2003}) 8. axb6 $1 {White is better.} cxb6 9. Bd3 Nbc6 10. c3 O-O 11. Qe2 Bb7 12. Re1 b5 13. Nbd2 Qc7 14. Nf1 e5 {[%cal Re5d4]} 15. d5 Nb8 {[%cal Bc6b8,Bb8d7,Bd7c5,Bc5d3][%mdl 32]} 16. Be3 Nd7 17. N3d2 f5 {And now ...f4 would win.} 18. f3 Nc5 19. b4 Nxd3 20. Qxd3 f4 21. Bf2 g5 22. c4 bxc4 23. Nxc4 Ng6 24. Rec1 {Nb6 is the strong threat.} Qe7 25. Nb6 Rad8 26. h3 (26. Nd2 $18) 26... h5 $16 27. Nh2 Bf6 {[#]} 28. b5 $1 {[%cal Rb5a6]} axb5 29. Ra7 Qg7 30. Qxb5 Rf7 31. Nc4 Kh7 32. Qb6 Rc8 {intending ...Bd8.} 33. Qxd6 $2 (33. Nf1 $18 Rd7 34. Qb5) 33... Bxd5 $1 $11 {[%mdl 64] [#] Discovered Attack} 34. Qxd5 Rxa7 35. Bxa7 Qxa7+ 36. Kh1 Rc5 37. Qe6 Qe7 38. Qa6 Qf7 39. Nf1 {Threatens to win with Nd6.} g4 $2 {[%mdl 8192]} (39... Be7 $11 {and Black stays safe.}) 40. Nd6 $18 {[%mdl 64] Discovered Attack} Qc7 41. Ne8 {[%mdl 64] Double Attack, Discovered Attack} Rxc1 42. Nxc7 Rxc7 $2 (42... g3 43. Ne6 Be7) 43. Qxf6 g3 44. h4 Rc1 {Accuracy: White = 64%, Black = 29%.} 1-0

[Event "Budapest Spring Festival 2019"]
[Site "Budapest"]
[Date "2019.04.17"]
[Round "9.17"]
[White "Gschnitzer, Adrian"]
[Black "Gorodetzky, David"]
[Result "1/2-1/2"]
[WhiteElo "2380"]
[BlackElo "2461"]
[Annotator "RC"]
[PlyCount "48"]
[EventDate "2019.04.09"]
[EventType "swiss"]
[EventCountry "HUN"]
[SourceTitle "playchess.com"]
[Source "ChessBase"]
[SourceQuality "1"]
[TimeControl "40/5400+30:1800+30"]

1. c4 {[%emt 0:00:04]} Nf6 {[%emt 0:02:10]} 2. Nc3 {[%emt 0:00:10]} e5 {[%emt 0:03:31]} 3. Nf3 {[%emt 0:00:13]} Nc6 {[%emt 0:00:49]} 4. e3 {[%emt 0:00:09]} Bb4 {[%emt 0:02:38]} 5. Qc2 {[%emt 0:00:19]} Bxc3 {[%emt 0:03:12]} 6. Qxc3 {[%emt 0:00:08]} Qe7 {[%emt 0:00:48]} 7. b3 {[%emt 0:00:11]} d5 {[%emt 0:01:42]} 8. d4 {[%emt 0:00:14]} exd4 {[%emt 0:02:10]} 9. Nxd4 {[%emt 0:00:11]} Nxd4 {[%emt 0:01:49]} 10. Qxd4 {[%emt 0:00:09]} c5 {[%emt 0:00:03]} 11. Qf4 {[%emt 0:00:11]} g5 {[%emt 0:00:02]} 12. Qxg5 {[%emt 0:00:16]} Rg8 {[%emt 0:00:39]} 13. Qf4 {[%emt 0:00:12]} Nh5 {[%emt 0:05:07]} 14. Qh6 {[%emt 0:00:12]} Qe5 {[%emt 0:01:59]} 15. Rb1 {[%emt 0:00:09]} Rg6 {[%emt 0:18:35]} 16. Qxh7 {[%emt 0:00:09]} Nf4 {[%emt 0:02:58]} 17. cxd5 {[%emt 0:00:25]} Bg4 {[%emt 0:05:55]} 18. h3 {[%emt 0:00:15]} Bf5 {[%emt 0:14:24]} 19. Bb2 {[%emt 0:01:45]} Qxd5 {[%emt 0:09:54]} 20. Qh8+ {[%emt 0:09:42]} Kd7 {[%emt 0:01:59]} 21. Bb5+ {[%emt 0:05:48]} Kc7 {[%emt 0:04:03]} 22. Qe5+ {[%emt 0:00:14]} Qxe5 {[%emt 0:02:16]} 23. Bxe5+ {[%emt 0:00:10]} Kb6 {[%emt 0:00:02]} 24. Bxf4 {[%emt 0:00:35]} Bxb1 {[%emt 0:00:59]} 1/2-1/2

[Event "Budapest Spring Festival 2019"]
[Site "Budapest"]
[Date "2019.04.17"]
[Round "9.18"]
[White "Vetoshko, Volodymyr"]
[Black "Mosesov, Danylo"]
[Result "1-0"]
[WhiteElo "2510"]
[BlackElo "2315"]
[Annotator "TA"]
[PlyCount "85"]
[EventDate "2019.04.09"]
[EventType "swiss"]
[EventCountry "HUN"]
[SourceTitle "playchess.com"]
[Source "ChessBase"]
[SourceQuality "1"]

{[%evp 13,85,4,15,0,11,-2,-4,-1,11,-7,0,0,0,0,0,0,0,0,0,-3,0,0,0,0,0,-9,-1,-20,-17,-26,-8,-13,0,-22,16,13,15,0,0,0,34,0,0,0,14,0,11,-109,-99,-94,-92,-152,-145,-186,-181,-192,0,0,115,91,208,199,208,206,577,465,5521,5506,5078,5010,4974,2339,5506,5381]} 1. Nf3 Nf6 2. g3 d5 3. Bg2 c6 4. O-O Bg4 5. d4 Nbd7 6. c4 e6 7. Nbd2 Bd6 8. Qb3 {D02: 1 d4 d5 2 Nf3 sidelines, including 2...Nf6 3 g3 and 2...Nf6 3 Bf4} (8. b3 O-O 9. Bb2 Re8 10. Rc1 a5 11. Ne5 Bh5 12. f3 Qc7 13. Nd3 Qb8 14. e3 e5 15. dxe5 Nxe5 16. Nf4 Bg6 17. cxd5 cxd5 {1-0 (31) Maghsoodloo,P (2501)-Mchedlishvili,M (2604) Guilan 2016}) 8... Qb6 9. Qc2 {Hoping for c5.} Bf5 $146 ({Predecessor:} 9... Qc7 10. e4 dxe4 11. Nxe4 Nxe4 12. Qxe4 Nf6 13. Qc2 O-O 14. Bg5 Qe7 15. Ne5 Bf5 {1-0 (33) Berg,K (2390)-Pedersen,D (2215) Farum 1993}) 10. Qd1 {The position is equal.} Qc7 11. Re1 h6 12. Nh4 Bh7 13. e4 dxe4 14. Nxe4 Bxe4 15. Bxe4 Nxe4 16. Rxe4 Nf6 17. Re1 O-O 18. Qf3 Nh7 19. Bd2 Rad8 20. Bc3 Be7 21. Ng2 Bf6 22. Rad1 Rfe8 23. Nf4 g6 24. h4 Bg7 25. h5 g5 26. Ng2 b5 27. Ne3 bxc4 28. Nxc4 {And now Ba5 would win.} Rd5 29. Ne3 Rdd8 30. Ng4 (30. a3 $11 {remains equal.}) 30... f5 $17 31. Ne5 g4 $1 {[%cal Rg4f3]} 32. Qf4 (32. Qe3 $142) 32... Ng5 33. Kg2 {Threatening Nxg4.} Qb7 $1 34. d5 c5 $2 ({Don't play} 34... exd5 35. Ba5 $17) (34... Rxd5 $19 {...Bxe5 is the strong threat.} 35. Rxd5 cxd5) 35. Nc6 $36 {[%mdl 2048] Black must now prevent Bxg7. White has some pressure.} Rc8 {[#]} (35... exd5 $11 {keeps the balance.} 36. Nxd8 Rxd8 37. Bxg7 d4+ 38. Kf1 Kxg7 39. Qe5+ (39. Qxf5 Qh1+ {[%mdl 64] Double Attack} 40. Ke2 Re8+ 41. Kd2 Nf3+ {[%mdl 64] Double Attack} 42. Kc1 Rxe1 $11) 39... Kg8 40. Qxf5 Qh1+ {[%mdl 64] Double Attack} 41. Ke2 Re8+ 42. Kd2 Nf3+ {[%mdl 64] Double Attack} 43. Kc1 Rxe1 44. Qc8+ Kf7 45. Qd7+ Kg8 46. Qc8+ Kh7 47. Qd7+ Kh8 48. Qc8+ Kg7 49. Qd7+ Kf8 50. Qd8+ Kg7 $1 {[%mdl 512]} 51. Qd7+ Kh8 52. Qc8+ Kh7 53. Qd7+ Kh8) 36. Na5 $1 $16 {[%cal Ra5b7]} Qf7 (36... Qb8 $16 {keeps fighting.}) 37. Bxg7 $18 Kxg7 {[#]} 38. Nc4 $1 {[%cal Rc4d6] Strongly threatening Nd6.} Nf3 $2 (38... e5 {is a better chance.} 39. Rxe5 (39. Nxe5 Qxh5 40. Qxf5 Qh3+ 41. Kg1 Rf8 $16) 39... Qxh5) 39. Nd6 {White is clearly winning.} Qd7 (39... Qxh5 $142 40. Rh1 Qg5) 40. Rxe6 Rxe6 41. dxe6 Qxe6 42. Nxf5+ Kh7 43. Rd6 {Accuracy: White = 43%, Black = 39%.} 1-0

[Event "Budapest Spring Festival 2019"]
[Site "Budapest"]
[Date "2019.04.17"]
[Round "9.19"]
[White "Swayams, Mishra"]
[Black "Nandhidhaa, P V"]
[Result "1-0"]
[WhiteElo "2478"]
[BlackElo "2314"]
[Annotator "TA"]
[PlyCount "91"]
[EventDate "2019.04.09"]
[EventType "swiss"]
[EventCountry "HUN"]
[SourceTitle "playchess.com"]
[Source "ChessBase"]
[SourceQuality "1"]

{[%evp 10,91,21,22,17,19,15,17,16,21,14,14,15,19,26,29,32,32,49,3,0,0,16,12,35,41,40,39,65,66,67,57,70,74,79,36,32,23,23,24,26,27,22,23,27,30,33,28,33,34,40,41,37,21,23,20,19,22,35,33,59,58,99,105,183,199,415,416,472,471,673,667,651,625,723,689,667,611,1391,1238,6362,5736,5418,2300]} 1. d4 Nf6 2. c4 $146 ({Predecessor:} 2. Nf3 d5 3. c4 {1-0 (30) Fedoseev,V (2658)-Matlakov,M (2701) Moscow 2017}) 2... e6 3. Nf3 d5 4. Nc3 Bb4 5. Qb3 c5 6. dxc5 Na6 {[%cal Bb8a6,Ba6c5,Bc5e4][%mdl 32] D38: Queen's Gambit Declined: Ragozin Defence (4 Nf3 Bb4)} 7. a3 Bxc3+ 8. Qxc3 {Black should prevent cxd5.} Nxc5 {The position is equal.} 9. cxd5 Qxd5 10. Be3 {And now Rd1 would win.} Nce4 11. Qe5 Qxe5 12. Nxe5 Nd5 13. Bc1 Nc5 14. Rb1 (14. b4 $5 {[%cal Rb4c5]} Nb3 15. Rb1 Nxc1 16. Rxc1 $11) 14... f6 15. Nc4 O-O 16. f3 e5 17. e4 Ne7 18. Be3 Ne6 19. Rd1 Rd8 20. Nd6 {Bc4 is the strong threat.} Nd4 21. Bc4+ $1 Kf8 22. Bxd4 (22. Nb5 {looks sharper.} Be6 23. Bxe6 Nxb5 24. Kf2 Nd4 25. Bxd4 exd4 26. Rd2) 22... Rxd6 23. Bc3 Rxd1+ 24. Kxd1 Bd7 25. Ke2 Rc8 26. Bd3 Ba4 27. Ke3 Bb3 28. g3 Kf7 29. f4 Nc6 30. Rf1 {Threatens to win with fxe5.} Ke7 31. Rf2 Rd8 32. Rd2 Rd7 33. h4 g6 34. Rf2 Nd4 35. g4 h5 36. Bb4+ Ke6 (36... Kd8 $16 {might work better.}) 37. gxh5 $18 gxh5 $2 {[#]} (37... exf4+ {keeps fighting.} 38. Rxf4 gxh5) 38. fxe5 $1 fxe5 {[#]} 39. Bf1 $1 {[%cal Rf1h3] aiming for Bh3+.White is clearly winning.} Rg7 (39... Rd6 $142 40. Bxd6 Kxd6) 40. Bh3+ Rg4 41. Bc3 Nb5 42. Bxg4+ hxg4 43. Rf5 Nxc3 44. bxc3 g3 45. h5 g2 46. Rg5 {Accuracy: White = 91%, Black = 44%.} 1-0

[Event "Budapest Spring Festival 2019"]
[Site "Budapest"]
[Date "2019.04.17"]
[Round "9.20"]
[White "Ankit, R. Rajpara"]
[Black "Ruff, Maximilian"]
[Result "1/2-1/2"]
[WhiteElo "2462"]
[BlackElo "2313"]
[Annotator "RC"]
[PlyCount "53"]
[EventDate "2019.04.09"]
[EventType "swiss"]
[EventCountry "HUN"]
[SourceTitle "playchess.com"]
[Source "ChessBase"]
[SourceQuality "1"]
[TimeControl "40/5400+30:1800+30"]

1. d4 {[%emt 0:00:47]} Nf6 {[%emt 0:00:08]} 2. c4 {[%emt 0:00:09]} c5 {[%emt 0:00:39]} 3. d5 {[%emt 0:00:06]} b5 {[%emt 0:00:06]} 4. Qc2 {[%emt 0:00:09]} b4 {[%emt 0:00:23]} 5. e4 {[%emt 0:00:38]} d6 {[%emt 0:01:01]} 6. a3 {[%emt 0:00:33]} bxa3 {[%emt 0:03:16]} 7. Rxa3 {[%emt 0:00:09]} g6 {[%emt 0:01:18]} 8. Nf3 {[%emt 0:02:54]} Bg7 {[%emt 0:06:44]} 9. Nc3 {[%emt 0:01:33]} O-O {[%emt 0:00:21]} 10. h3 {[%emt 0:07:16]} e6 {[%emt 0:07:58]} 11. Be2 {[%emt 0:01:55]} Na6 {[%emt 0:01:21]} 12. O-O {[%emt 0:11:46]} Nb4 {[%emt 0:01:56]} 13. Qd1 {[%emt 0:04:17]} exd5 {[%emt 0:00:39]} 14. cxd5 {[%emt 0:02:19]} Re8 {[%emt 0:00:47]} 15. Nd2 {[%emt 0:01:49]} a6 {[%emt 0:12:56]} 16. Re1 {[%emt 0:12:28]} Ra7 {[%emt 0:00:38]} 17. Rf1 {[%emt 0:04:51]} Rae7 {[%emt 0:09:25]} 18. Bf3 {[%emt 0:02:22]} Nd7 {[%emt 0:03:13]} 19. Nc4 {[%emt 0:00:57]} Ne5 {[%emt 0:00:30]} 20. Nxe5 {[%emt 0:05:37]} Bxe5 {[%emt 0:00:35]} 21. Be3 {[%emt 0:07:05]} Rb7 {[%emt 0:04:23]} 22. Qd2 {[%emt 0:03:46]} Bd7 {[%emt 0:06:54]} 23. Be2 {[%emt 0:07:26]} Qb6 {[%emt 0:03:23]} 24. Na4 {[%emt 0:06:44]} Qc7 {[%emt 0:01:54]} 25. Nc3 {[%emt 0:00:18]} Qb6 {[%emt 0:00:06]} 26. Na4 {[%emt 0:00:33]} Qc7 {[%emt 0:00:46]} 27. Nc3 {[%emt 0:00:36]} 1/2-1/2

[Event "Budapest Spring Festival 2019"]
[Site "Budapest"]
[Date "2019.04.17"]
[Round "9.21"]
[White "Song, Julien"]
[Black "Horvath, Dominik"]
[Result "0-1"]
[WhiteElo "2310"]
[BlackElo "2412"]
[Annotator "TA"]
[PlyCount "64"]
[EventDate "2019.04.09"]
[EventType "swiss"]
[EventCountry "HUN"]
[SourceTitle "playchess.com"]
[Source "ChessBase"]
[SourceQuality "1"]

{[%evp 9,64,0,6,2,14,0,7,-6,-2,-2,0,-31,14,0,0,0,0,0,0,0,0,-5,-1,-11,-15,-29,-17,-8,-8,-22,-16,-11,0,0,-5,-14,66,0,0,0,21,-61,-60,-189,-164,-195,-151,-149,-145,-119,-142,-201,-140,-236,-252,-262,-261]} 1. Nf3 d5 2. e3 Nf6 3. c4 e6 4. b3 b6 5. Bb2 Bb7 6. Nc3 {A13: English Opening: 1...e6} (6. cxd5 exd5 7. g3 Nbd7 8. Bg2 Ba6 9. Bf1 Bb7 10. Bg2 Ba6 11. Bf1 {½-½ (11) Duda,J (2738)-Wang,H (2730) St Petersburg 2018}) 6... Nbd7 7. cxd5 exd5 8. Be2 {The position is equal.} a6 9. d4 Bd6 10. a3 $146 ({Predecessor:} 10. h3 O-O 11. O-O Qe7 12. Rc1 Ne8 13. Nd2 f5 14. Bf3 {½-½ (24) Olf,H-Klemme,T Germany 1986}) 10... c5 11. O-O O-O 12. Re1 Qe7 13. Bf1 Rfd8 14. g3 Ne4 15. Nh4 Qf6 16. Nxe4 (16. Re2 {with more complications.} Qe6 17. Ng2 cxd4 18. exd4 Rac8 19. Rc1) 16... dxe4 17. Qg4 cxd4 18. exd4 g6 19. Rac1 h5 20. Qe2 Qe6 21. Qe3 Bd5 22. Bc4 Nf6 (22... b5 $11 23. Bxd5 Qxd5) 23. Qg5 (23. f3 $1 $14) 23... Be7 $11 24. Ng2 Nh7 {[%cal Bf6h7,Bh7g5,Bg5h3][%mdl 32]} 25. Qd2 ({White should play} 25. Qe3 $1 $11) 25... Ng5 {White must now prevent ...Nf3+.} 26. Be2 ({White must play} 26. Rc3 $15) 26... Nh3+ $19 (26... Bxb3 27. Nf4 $11) 27. Kf1 Bxb3 28. d5 Bxd5 $40 {[%mdl 128] Black is out for blood.} 29. Qc3 {[%csl Gb2][%cal Rc3h8]} f6 30. Qe3 (30. g4 $17 hxg4 31. Ne3) 30... Bc5 31. Qh6 {[#]} (31. Bd4 $17) 31... Qf5 $1 {[%csl Gc5,Gh3][%cal Rf5f2]} 32. Nf4 Nxf4 {Accuracy: White = 36%, Black = 60%.} ({Weaker is} 32... Nxf2 {[#]} 33. Rxc5 $1 {[%mdl 576] Remove Defender} bxc5 34. Kxf2 $15) 0-1

[Event "Budapest Spring Festival 2019"]
[Site "Budapest"]
[Date "2019.04.17"]
[Round "9.22"]
[White "Torok, Sandor"]
[Black "Bronstein, Or"]
[Result "0-1"]
[WhiteElo "2273"]
[BlackElo "2387"]
[Annotator "RC"]
[PlyCount "84"]
[EventDate "2019.04.09"]
[EventType "swiss"]
[EventCountry "HUN"]
[SourceTitle "playchess.com"]
[Source "ChessBase"]
[SourceQuality "1"]
[TimeControl "40/5400+30:1800+30"]

1. e4 {[%emt 0:00:03]} c5 {[%emt 0:00:48]} 2. Nf3 {[%emt 0:00:06]} d6 {[%emt 0:00:45]} 3. Bb5+ {[%emt 0:00:07]} Nd7 {[%emt 0:00:07]} 4. d4 {[%emt 0:00:20]} cxd4 {[%emt 0:01:07]} 5. Qxd4 {[%emt 0:00:07]} a6 {[%emt 0:00:03]} 6. Bxd7+ {[%emt 0:00:06]} Bxd7 {[%emt 0:00:02]} 7. c4 {[%emt 0:00:11]} Nf6 {[%emt 0:00:15]} 8. Nc3 {[%emt 0:01:35]} g6 {[%emt 0:00:31]} 9. O-O {[%emt 0:00:21]} Bg7 {[%emt 0:00:04]} 10. Qd3 {[%emt 0:16:03]} O-O {[%emt 0:00:28]} 11. Nd4 {[%emt 0:17:49]} Ng4 {[%emt 0:11:17]} 12. Nf3 {[%emt 0:11:14]} b5 {[%emt 0:12:12]} 13. cxb5 {[%emt 0:01:49]} axb5 {[%emt 0:00:48]} 14. Nxb5 {[%emt 0:01:02]} f5 {[%emt 0:13:21]} 15. Nbd4 {[%emt 0:10:03]} fxe4 {[%emt 0:16:02]} 16. Qxe4 {[%emt 0:04:30]} Nf6 {[%emt 0:00:16]} 17. Qe3 {[%emt 0:05:46]} Nd5 {[%emt 0:03:18]} 18. Qe4 {[%emt 0:04:02]} Nf6 {[%emt 0:01:11]} 19. Qe3 {[%emt 0:03:07]} Nd5 {[%emt 0:05:31]} 20. Qb3 {[%emt 0:00:15]} e6 {[%emt 0:00:16]} 21. Re1 {[%emt 0:00:34]} Qf6 {[%emt 0:02:12]} 22. Bd2 {[%emt 0:02:08]} Rab8 {[%emt 0:02:03]} 23. Qa3 {[%emt 0:00:26]} e5 {[%emt 0:02:58]} 24. Nc2 {[%emt 0:07:16]} h6 {[%emt 0:04:49]} 25. Nb4 {[%emt 0:01:13]} Nb6 {[%emt 0:09:31]} 26. Rac1 {[%emt 0:03:32]} g5 {[%emt 0:00:08]} 27. Be3 {[%emt 0:00:30]} Be6 {[%emt 0:06:40]} 28. Qd3 {[%emt 0:04:47]} g4 {[%emt 0:03:20]} 29. Nd2 {[%emt 0:01:42]} d5 {[%emt 0:00:04]} 30. Rc6 {[%emt 0:00:06]} d4 {[%emt 0:01:35]} 31. Bxd4 {[%emt 0:00:53]} Na4 {[%emt 0:02:47]} 32. Na6 {[%emt 0:02:51]} exd4 {[%emt 0:00:33]} 33. Rcxe6 {[%emt 0:00:49]} Qxf2+ {[%emt 0:00:02]} 34. Kh1 {[%emt 0:00:05]} Rxb2 {[%emt 0:01:01]} 35. Qc4 {[%emt 0:00:50]} Kh8 {[%emt 0:00:39]} 36. R6e2 {[%emt 0:00:33]} Qf6 {[%emt 0:00:37]} 37. Qxa4 {[%emt 0:01:00]} Rxd2 {[%emt 0:00:01]} 38. Re8 {[%emt 0:00:06]} Rf2 {[%emt 0:00:53]} 39. Rg1 {[%emt 0:00:21]} d3 {[%emt 0:00:37]} 40. Rxf8+ {[%emt 0:00:00]} Bxf8 {[%emt 0:00:00]} 41. Qc4 {[%emt 0:06:27]} d2 {[%emt 0:01:19]} 42. Nc5 {[%emt 0:00:25]} Rxg2 {[%emt 0:00:51]} 0-1

[Event "Budapest Spring Festival 2019"]
[Site "Budapest"]
[Date "2019.04.17"]
[Round "9.23"]
[White "Pranav Anand"]
[Black "Budai, David"]
[Result "1-0"]
[WhiteElo "2359"]
[BlackElo "2308"]
[Annotator "TA"]
[PlyCount "41"]
[EventDate "2019.04.09"]
[EventType "swiss"]
[EventCountry "HUN"]
[SourceTitle "playchess.com"]
[Source "ChessBase"]
[SourceQuality "1"]

{[%evp 1,1,20]} 1. d4 {Predecessor:} Nf6 $146 2. c4 e6 3. g3 Bb4+ 4. Bd2 Be7 5. Bg2 d5 6. Nf3 O-O 7. O-O Nbd7 8. Qc2 c6 9. Bf4 b6 10. cxd5 cxd5 11. Rc1 Bb7 12. Bc7 Qe8 13. Qb3 Nb8 14. a4 Ne4 15. Nc3 Nxc3 16. Rxc3 Na6 17. Bf4 Bb4 18. Rc2 Qe7 19. Rac1 Rac8 20. Ne5 Rxc2 21. Qxc2 {½-½ (48) Ding,L (2812)-Karjakin,S (2753) Astana 2019} 1-0

[Event "Budapest Spring Festival 2019"]
[Site "Budapest"]
[Date "2019.04.17"]
[Round "9.24"]
[White "Dixit, Nikhil"]
[Black "Kulkarni Bhakti"]
[Result "0-1"]
[WhiteElo "2302"]
[BlackElo "2350"]
[Annotator "TA"]
[PlyCount "58"]
[EventDate "2019.04.09"]
[EventType "swiss"]
[EventCountry "HUN"]
[SourceTitle "playchess.com"]
[Source "ChessBase"]
[SourceQuality "1"]

{[%evp 9,58,-9,0,0,23,21,16,18,20,14,9,-4,30,-23,-20,-17,-17,-10,-6,-39,-32,-30,-20,-22,-11,-18,-14,-32,-35,-48,-24,-64,-55,-123,-111,-120,-120,-307,-293,-514,-513,-1029,-1031,-1029,-1012,-1021,-1007,-960,-908,-29995,-29996]} 1. e4 e5 2. Nf3 Nc6 3. Nc3 Nf6 4. Bb5 Nd4 5. Be2 d6 (5... Nxf3+ 6. Bxf3 Bc5 7. Na4 Be7 8. d4 d6 9. Be3 O-O 10. O-O Re8 11. c4 exd4 12. Bxd4 c5 13. Be3 {1-0 (33) Popovic,P (2451)-Coenen,M (2435) Belgium 2016}) 6. d3 {C48: Four Knights: 4 Bb5, replies other than 4...Bb4} Be7 (6... c5 {looks sharper.} 7. O-O Be7 8. Nb1 Nc6 9. c4 h6) 7. Nxd4 $146 ({Predecessor:} 7. Be3 c5 8. Nd2 Nxe2 9. Qxe2 Ng4 10. Nd5 Nxe3 11. fxe3 Be6 12. c4 O-O 13. Nxe7+ Qxe7 {½-½ (20) Minz,M (2162)-Felser,F (1977) Bad Segeberg 2002}) 7... exd4 8. Nb5 {The position is equal.} c5 9. O-O O-O 10. f4 Ne8 11. Bg4 (11. c3 $142) 11... Bxg4 12. Qxg4 f5 13. exf5 Qd7 14. a4 Rxf5 15. Bd2 a6 $36 {[%mdl 2048] Black has some pressure.} 16. Na3 d5 17. Rae1 {[#] Strongly threatening Rxe7!} Bd6 18. c4 dxc3 19. Bxc3 g6 20. Be5 Qxa4 {White must now prevent ...Bxe5.} 21. Bxd6 (21. Qf3 $15 Qc6 22. Nc2) 21... Nxd6 22. Re6 Qd4+ 23. Kh1 $2 (23. Rf2 $17 {was forced.} Rf6 24. Rxf6 Qxf6 25. Qf3) 23... Qxd3 $19 {[%cal Rd3f1]} 24. Rfe1 $2 (24. Qd1 Qxd1 25. Rxd1) 24... Ne4 {And now ...Nf2+ would win.} 25. Rxg6+ (25. Qf3 $142) 25... Kh8 {Hoping for ...Nf2+.} ({Weaker is} 25... hxg6 26. Qxg6+ Kh8 27. Qh6+ Kg8 28. Qg6+ Kh8 29. Qh6+ Kg8 30. Qg6+ $11 {[%mdl 64] Double Attack}) 26. Qh4 Qd2 {[%mdl 64] [#] Double Attack} 27. Rf1 Qe2 {[%cal Re2f1]} 28. Kg1 Rh5 29. Qg4 Qe3+ {Accuracy: White = 19%, Black = 78%.} 0-1

[Event "Budapest Spring Festival 2019"]
[Site "Budapest"]
[Date "2019.04.17"]
[Round "9.25"]
[White "Bodi, Tibor"]
[Black "Akesson, Ralf"]
[Result "1/2-1/2"]
[WhiteElo "2240"]
[BlackElo "2346"]
[Annotator "RC"]
[PlyCount "83"]
[EventDate "2019.04.09"]
[EventType "swiss"]
[EventCountry "HUN"]
[SourceTitle "playchess.com"]
[Source "ChessBase"]
[SourceQuality "1"]
[TimeControl "40/5400+30:1800+30"]

1. Nf3 {[%emt 0:00:08]} Nf6 {[%emt 0:01:31]} 2. c4 {[%emt 0:00:12]} e6 {[%emt 0:01:13]} 3. b3 {[%emt 0:00:09]} Be7 {[%emt 0:01:05]} 4. Bb2 {[%emt 0:00:12]} O-O {[%emt 0:00:15]} 5. e3 {[%emt 0:00:32]} b6 {[%emt 0:02:54]} 6. d4 {[%emt 0:00:33]} Bb7 {[%emt 0:00:16]} 7. Nbd2 {[%emt 0:00:15]} c5 {[%emt 0:01:34]} 8. dxc5 {[%emt 0:02:21]} bxc5 {[%emt 0:00:47]} 9. Be2 {[%emt 0:00:27]} d6 {[%emt 0:00:47]} 10. O-O {[%emt 0:00:14]} a5 {[%emt 0:01:24]} 11. Qc2 {[%emt 0:00:34]} h6 {[%emt 0:06:34]} 12. Rad1 {[%emt 0:07:27]} Nc6 {[%emt 0:09:29]} 13. Ne4 {[%emt 0:07:27]} Nb4 {[%emt 0:02:29]} 14. Nxf6+ {[%emt 0:00:11]} Bxf6 {[%emt 0:00:13]} 15. Qb1 {[%emt 0:05:43]} Bxb2 {[%emt 0:00:19]} 16. Qxb2 {[%emt 0:00:04]} Qe7 {[%emt 0:04:00]} 17. Rd2 {[%emt 0:01:21]} f5 {[%emt 0:02:13]} 18. Rfd1 {[%emt 0:00:42]} Rad8 {[%emt 0:00:30]} 19. Qc3 {[%emt 0:01:28]} Nc6 {[%emt 0:04:46]} 20. Ne1 {[%emt 0:00:53]} e5 {[%emt 0:03:03]} 21. Nd3 {[%emt 0:01:18]} g5 {[%emt 0:01:20]} 22. f4 {[%emt 0:04:02]} exf4 {[%emt 0:04:47]} 23. exf4 {[%emt 0:00:07]} Nd4 {[%emt 0:03:13]} 24. Bf1 {[%emt 0:01:35]} Rde8 {[%emt 0:04:53]} 25. Rf2 {[%emt 0:07:24]} Qc7 {[%emt 0:01:43]} 26. Nc1 {[%emt 0:03:18]} Re4 {[%emt 0:09:38]} 27. Qh3 {[%emt 0:06:18]} Qg7 {[%emt 0:02:32]} 28. fxg5 {[%emt 0:02:46]} hxg5 {[%emt 0:06:58]} 29. Qc3 {[%emt 0:03:17]} g4 {[%emt 0:03:09]} 30. Qxa5 {[%emt 0:01:40]} f4 {[%emt 0:02:51]} 31. Re1 {[%emt 0:09:55]} g3 {[%emt 0:08:50]} 32. hxg3 {[%emt 0:00:26]} Qxg3 {[%emt 0:00:33]} 33. Rxe4 {[%emt 0:04:44]} Bxe4 {[%emt 0:00:04]} 34. Ne2 {[%emt 0:02:10]} Nxe2+ {[%emt 0:05:07]} 35. Rxe2 {[%emt 0:03:02]} Bd3 {[%emt 0:02:25]} 36. Rf2 {[%emt 0:10:05]} Bxf1 {[%emt 0:00:36]} 37. Qd2 {[%emt 0:00:16]} Bxc4 {[%emt 0:03:21]} 38. bxc4 {[%emt 0:00:01]} Rf6 {[%emt 0:00:30]} 39. Qd5+ {[%emt 0:02:01]} Kg7 {[%emt 0:00:30]} 40. Qf3 {[%emt 0:00:00]} Re6 {[%emt 0:00:00]} 41. Qxg3+ {[%emt 0:14:51]} fxg3 {[%emt 0:01:10]} 42. Rf3 {[%emt 0:03:02]} 1/2-1/2